| 000 | 01118nam a22003257a 4500 | ||
|---|---|---|---|
| 003 | CHAP | ||
| 005 | 20220329134047.0 | ||
| 008 | 971013c19821975 r 00010 d | ||
| 010 | _a14808 | ||
| 011 | _a15780 | ||
| 035 | _a19857 | ||
| 040 | _cCHAP | ||
| 082 |
_a917.24 _bB4 |
||
| 100 | 0 | 0 |
_aBenítez, Fernando. _911666 |
| 245 | _aViaje al centro de México | ||
| 260 |
_aMéxico, D. F. : _bFondo de Cultura Económica, _c1982 (c.1975) |
||
| 300 | _a395 p. | ||
| 490 |
_aFondo de Cultura Económica. Popular _v; 150 |
||
| 590 |
_aBATCH-UPD _b10 _c20130110 _lUCH01 _h1733 |
||
| 590 |
_aBATCH-UPD _b10 _c20130410 _lUCH01 _h1114 |
||
| 590 |
_aBATCH-UPD _b10 _c20130914 _lUCH01 _h1826 |
||
| 590 |
_aCONVERSION _b10 _c20130109 _lUCH01 _h1309 |
||
| 650 | 1 | 4 |
_aMéxico _xDescripción y viaje. _976737 |
| 650 | 1 | 4 |
_aValle de México _xDescripción y viaje. _9117590 |
| 830 | 0 |
_aFondo de Cultura Económica. Popular _v; 150 _942100 |
|
| 901 | _aBK | ||
| 942 | _cLIBRO | ||
| 949 |
_a917.24 B4 _bBC _cLIBRO _d33724000153573 _eLIBRO _fc.2 _h64412 _i19857 _si |
||
| 949 |
_a917.24 B4 _bBC _cLIBRO _d33724000153581 _eLIBRO _fc.3 _h64414 _i19857 _si |
||
| 999 |
_c14808 _d14808 |
||